Kleopatra: Politik und Propaganda/

محفوظ في:

المؤلف الرئيسي: Volkmann, Hans. (مؤلف)

التنسيق: كتاب

اللغة: Undetermined

منشور في: Munchen: R. Oldenbourg , 1953.

الموضوعات:

الوسوم: إضافة وسم

لا توجد وسوم, كن أول من يضع وسما على هذه التسجيلة!

رقم الطلب: DT92.7.V6 1953

LEADER 00686nam a2200193Ia 4500
008 211223s9999||||xx |||||||||||||| ||und||
050 4 |a DT92.7.V6 1953 
100 1 |a Volkmann, Hans.  |e author. 
245 1 0 |a Kleopatra:  |b Politik und Propaganda/  |c Hans Volkmann. 
264 1 |a Munchen:  |b R. Oldenbourg ,  |c 1953. 
300 |a 232 p.:  |b illus., maps;  |c 22 
336 |a text  |b txt  |2 rdacontent 
337 |a unmediated  |b n  |2 rdamedia 
338 |a volume  |b nc  |2 rdacarrier 
650 1 4 |a Cleopatra, Queen of Egypt, d. 30 BC. 
650 1 4 |a Rome History Republic 265-30 BC. 
942 |2 lcc  |c BK 
952 |0 0  |1 0  |2 lcc  |4 0  |7 1  |9 31836  |a ARCE  |b ARCE  |d 2022-01-25  |l 0  |r 2022-01-25 00:00:00  |w 2022-01-25  |y BK 
999 |c 41063  |d 41063